000 00415nam a2200181Ia 4500
005 20240823011441.0
008 240823s9999||||xx |||||||||||||| ||und||
041 _aENGLISH
082 _A5.3
100 _aUser's Manual
245 0 _a"Dollars and Sense Version 2,0"
250 _a1st
260 _bUser's M
500 _aTRANSFERED
650 _aDollars
_bComputer Science
942 _cBK
999 _c161570
_d161570